00539nam a2200169Ia 4500003000900000008004100009020001800050040001600068080001600084110002800100245012500128250001300253260004400266300001100310650002900321650001900350IN-BaIIA211028s9999 xx 000 0 eng d a0-85229-413-1 cIIA Library a031bEBR-10 aEncyclopedia Britannica 4aThe New Encyclopaedia Britannica in 30 Volumesbvol. 10, micropaedia, ready reference and IndexcEncyclopedia Britannica a25th ed. aChicagobEncyclopaedia Britannicac1984 a1060p. aEncyclopedia-Micropaedia aNASA Thesaurus